00498 2200205 4500001002100000008004100021035002000062245005800082100002000140250000600160260003200166300001100198084001400209082000800223650001300231990001200244990001200256990001200268990001200280INLIS000000000000662 ind  a0010-0424000638 aCatatan Masa Depan; Perjalanan KosmikcSarrah Angliss aAngliss, Sarrah a1 aBandung :bPakar Rayac2007 a32 hlm a600 SAR c a600 aNonfiksi a0721702 a0721703 a0721704 a0721705